Normal view
MARC view
- الاسد،ناصر الدين؛تحقيق اسماعيل محمود القيام
Entry Personal Name
001 - CONTROL NUMBER
- control field: 24081
003 - CONTROL NUMBER IDENTIFIER
- control field: JO-AjAnu
005 - DATE AND TIME OF LATEST TRANSACTION
- control field: 20230606074131.0
008 - FIXED-LENGTH DATA ELEMENTS
- fixed length control field: 230606|| aca||aabn | a|a d
040 ## - CATALOGING SOURCE
- Original cataloging agency: JO-AjAnu
- Transcribing agency: JO-AjAnu
100 ## - HEADING--PERSONAL NAME
- Personal name: الاسد،ناصر الدين؛تحقيق اسماعيل محمود القيام
670 ## - SOURCE DATA FOUND
- Source citation: Work cat.: (JO-AjAnu)12380: الاسد،ناصر الدين؛تحقيق اسماعيل محمود القيام, author, الأمالي الأسدية لأبي بشر ناصر الدين بن محمد بن احمد بن جميل الأسد